| 000 | 00611nam a2200181Ia 4500 | ||
|---|---|---|---|
| 005 | 20250423100648.0 | ||
| 008 | 250422s9999 xx 000 0 und d | ||
| 020 | _a9789780581343 | ||
| 050 | _aHF 5387 .J47/ | ||
| 100 | _aJeremiah, Obera J. O. | ||
| 245 | 0 | _aProfessional ethics and corporate governance principles for accountants and managers | |
| 260 | _aAbuja | ||
| 260 | _bNational Open University of Nigeria | ||
| 260 | _c2021 | ||
| 300 | _a124 p | ||
| 650 | _aBusiness ethics. Accountants--Professional ethics. Executives--Professional ethics. Accounting--Moral and ethical aspects. | ||
| 942 | _cBK | ||
| 999 |
_c33985 _d33985 |
||